000 01119cam a2200337 a 4500
001 2491
005 20250218093433.0
020 _a0152046186
020 _a9780439809030
040 _aDLC
_cDLC
_dDLC
_beng
050 0 0 _aPZ7.C8344
_bMo 2002
082 0 0 _a813.5
_221
100 1 _aCoville, Bruce
245 1 4 _aThe monster's ring /
_cBruce Coville ; illustrated by Katherine Coville.
250 _aFirst Scholastic printing, September 2005
260 _aNew York :
_bScholastic,
_c2002
300 _a105 pages :
_billustrations ;
_c22 cm
500 _a"A magic shop book."
505 _aK
520 _aA timid boy, eager to frighten the school bully on Halloween night, acquires a magic ring and the power to change himself into a hideous monster.
521 _a550
_bLexile
521 _aK
_bRaz-Plus
650 1 _aMonsters
_vFiction.
650 1 _aBullies and bullying
_vFiction.
650 1 _aHalloween
_vFiction.
650 1 _aSchools
_vFiction.
650 1 _aMagic
_vFiction.
700 1 _aCoville, Katherine
_eillustrator
906 _a7
_bcbc
_corignew
_d1
_eecip
_f20
_gy-gencatlg
942 _2ddc
_cBK
_n0
999 _c2491
_d2491